NAKAZENÝ OSLOBODITEĽ

Bibliographic Details
Main Author: Padgett, Tim (Author)
Other Authors: Lech L. Marko (Translator)
Format: Article
Language:Slovak

MARC

LEADER 00000nab a2200000 a 4500
001 vtls011732143
003 SK-MaSNL
005 20260304025929.0
008 250310|1992 xo |||||||||||||||||slo
015 |a SNBRB 
035 |a (urnnbn)urn:nbn:sk:snk:ar-a0897e 
035 |a urn:nbn:sk:snk-abf9nr 
035 |a (uuid)e02ed777-b305-41bb-8fce-6ba2e7b8286a 
040 |a SNKBUCL  |b slo  |c SNKBUCL  |e AACR2 
041 0 |a slo 
044 |a xo  |c SK 
100 1 |a Padgett, Tim  |4 aut  |9 1307889 
245 1 0 |a NAKAZENÝ OSLOBODITEĽ  |c Tim Padgett, Lech L. Marko 
700 1 |a Lech L. Marko  |4 trl  |9 1307623 
773 0 |t Fragment : revue pre literatúru, výtvarné umenie, históriu a kritiku  |g Roč. 6, č. 7 (1992), s. 112-114 
958 |a OND 
958 |a article24 
999 |c 2630721  |d 2632651